European cities - Statistics

General Stats
  • This quiz has been taken 41 times
  • The average score is 15 of 16
Answer Stats
Picture Hint Answer % Correct
1.6m, ๐Ÿ‡ช๐Ÿ‡ธ Barcelona
100%
3.7m, ๐Ÿ‡ฉ๐Ÿ‡ช Berlin
100%
8.7m, ๐Ÿ‡ฌ๐Ÿ‡ง London
100%
3.2m, ๐Ÿ‡ช๐Ÿ‡ธ Madrid
100%
13.1m, ๐Ÿ‡ท๐Ÿ‡บ Moscow
100%
2.1m, ๐Ÿ‡ซ๐Ÿ‡ท Paris
100%
2.7m, ๐Ÿ‡ฎ๐Ÿ‡น Rome
100%
261k, ๐Ÿ‡ฎ๐Ÿ‡น Venice
100%
1.3m, ๐Ÿ‡ฎ๐Ÿ‡น Milan
97%
1.5m, ๐Ÿ‡ฉ๐Ÿ‡ช Munich
97%
821k, ๐Ÿ‡ณ๐Ÿ‡ฑ Amsterdam
93%
1.9m, ๐Ÿ‡ฆ๐Ÿ‡น Vienna
93%
544k, ๐Ÿ‡ฎ๐Ÿ‡ช Dublin
90%
526k, ๐Ÿ‡ฌ๐Ÿ‡ง Edinburgh
87%
753k, ๐Ÿ‡ฉ๐Ÿ‡ช Frankfurt
87%
1.1m, ๐Ÿ‡ฌ๐Ÿ‡ง Birmingham
80%
No matching quizzes found
Score Distribution
Percent of People with Each Score
Percentile by Number Answered
Your Score History
You have not taken this quiz